| 000 | 00805nas a2200277 4500 | ||
|---|---|---|---|
| 001 | BR0000091 | ||
| 003 | BR-BrBNA | ||
| 005 | 20231205101617.0 | ||
| 007 | ta | ||
| 008 | 230509b bl.|||p| |||| 00| 00por d | ||
| 040 |
_aBR-BrBNA _bpor _cBiblioteca Nacional de Agricultura |
||
| 041 | _a(Pt) | ||
| 072 | _aF61 | ||
| 100 | 1 | _aDiniz, J.D.N. | |
| 100 | 1 | _aHernandez, F.F.F. | |
| 100 | 1 | _aGoncalves, A.N. | |
| 100 | 1 | _aTorres, A.C. | |
| 245 | 1 | _aAbsorcao de micronutrientes por explantes de bananeira in vitro | |
| 650 | _aBanana | ||
| 650 | _aExplante | ||
| 650 | _aMicroelemento | ||
| 650 | _aAbsorcao | ||
| 773 | 0 |
_tPesquisa Agropecuaria Brasileira (Brazil) _xISSN 0100-204X _g(Aug 1999), v. 34(8) p. 1385-1391 _wBR0000091 |
|
| 909 |
_a202311 _bLúcia _c55 _dLúcia Elande |
||
| 942 |
_2AGRIS _n0 _cANA |
||
| 999 |
_c162832 _d162832 |
||